It looks like you're offline.
Open Library logo
additional options menu

MARC Record from Scriblio

Record ID marc_records_scriblio_net/part09.dat:42047844:767
Source Scriblio
Download Link /show-records/marc_records_scriblio_net/part09.dat:42047844:767?format=raw

LEADER: 00767cam 22002291 4500
001 75565980 //r84
003 DLC
005 19841031000000.0
008 800723s1973 hu ab b 00000 hun
010 $a 75565980 //r84
043 $ae-hu---
050 0 $aQE691$b.S95
100 10 $aSzepesházy, Kálmán.
245 12 $aA Tiszánțúl északnyugati részének felsőkréta és paleogén korú képződményei.
260 0 $aBudapest,$bAkadémiai Kiadó,$c1973.
300 $a95, [1] p.$billus., maps (3 fold. in pocket)$c25 cm.
350 $a30.00Ft
504 $aBibliography: p. 94-[96]
650 0 $aGeology, Stratigraphic$yTertiary.
650 0 $aGeology, Stratigraphic$yCretaceous.
650 0 $aGeology$zHungary$zTiszántúl.
650 0 $aFlysch$zHungary$zTiszántúl.